000 00590nam a2200205 u 4500
005 20240806063818.0
008 080528s2000 mx r 000 0 spa d
020 _a9702001307
035 _aUPN01000156502
049 _aI
050 4 _aPZ71
_bA5.25
100 1 _aAnza Costabile, Ana Luisa
245 1 0 _aAmigos del otro lado /
_cAna Luisa Anza Costabile.
260 _aMéxico :
_bCastillo,
_c2000.
300 _a135 p. :
_bil. col.
440 0 _aCastillo de la lectura.
_pNaranja
650 4 _aLiteratura juvenil
_95153
650 7 _aAmistad entre niños
_2
_94319
905 _aInfantil
999 _c128616
_d128616